Tranh chấp Nhật-Mỹ về vấn đề đường sắt ở Mãn Châu (1905-1910) /

Đã lưu trong:
Sonraí Bibleagrafaíochta
Príomhúdar: Hoàng Thị Hải Yến.
Formáid: Bài viết
Teanga:Vietnamese
Ábhair:
Clibeanna: Cuir Clib Leis
Gan Chlibeanna, Bí ar an gcéad duine leis an taifead seo a chlibeáil!
Thư viện lưu trữ: Thư viện Trường Đại học Đà Lạt
LEADER 00816nam a2200265 4500
001 DLU180184342
005 ##20180410
040 # # |a DLU  |b vie 
041 # # |a vie 
044 # # |a vn 
100 # # |a Hoàng Thị Hải Yến. 
245 # # |a Tranh chấp Nhật-Mỹ về vấn đề đường sắt ở Mãn Châu (1905-1910) /  |c Hoàng Thị Hải Yến. 
653 # # |a Đường sắt  
653 # # |a Mãn Châu 
653 # # |a Quan hệ Nhật-Mỹ  
653 # # |a Tranh chấp 
773 # # |t Nghiên cứu lịch sử   |g Số 11(463), 2014, tr. 51-58 
920 # # |a Phòng Tạp chí -- Trung tâm Thông tin - Thư viện Trường Đại học Đà Lạt 
900 # # |a True 
911 # # |a Nguyễn Thị Thu Phương 
925 # # |a G 
926 # # |a A 
927 # # |a BB 
980 # # |a Thư viện Trường Đại học Đà Lạt